[Event "XIII International Chess Festival"]
[Site "Paracin"]
[Date "2020.07.09"]
[Round "8.1"]
[White "Ernst, Sipke"]
[Black "Basso, Pier Luigi"]
[Result "1/2-1/2"]
[BlackElo "2596"]
[WhiteElo "2540"]
[LiveChessVersion "1.4.8"]

1. d4 {[%clk 1:30:58]} d5 {[%clk 1:30:53]} 2. c4 {[%clk 1:31:26]} c6
{[%clk 1:31:19]} 3. cxd5 {[%clk 1:31:54]} cxd5 {[%clk 1:31:43]} 4. Nf3
{[%clk 1:32:22]} Nf6 {[%clk 1:32:08]} 5. Nc3 {[%clk 1:32:50]} Nc6
{[%clk 1:32:33]} 6. Bf4 {[%clk 1:33:18]} Bf5 {[%clk 1:32:58]} 7. e3
{[%clk 1:33:46]} e6 {[%clk 1:33:23]} 8. Bd3 {[%clk 1:34:14]} Bxd3
{[%clk 1:33:48]} 9. Qxd3 {[%clk 1:34:41]} Bd6 {[%clk 1:34:12]} 10. Bxd6
{[%clk 1:35:09]} Qxd6 {[%clk 1:34:36]} 11. O-O {[%clk 1:35:36]} O-O
{[%clk 1:35:00]} 12. Rfc1 {[%clk 1:36:03]} Rfc8 {[%clk 1:35:24]} 13. a3
{[%clk 1:36:19]} a6 {[%clk 1:35:46]} 14. Rc2 {[%clk 1:36:43]} Rc7
{[%clk 1:35:44]} 15. Rac1 {[%clk 1:37:07]} Rac8 {[%clk 1:36:10]} 16. Ne2
{[%clk 1:37:31]} Ne7 {[%clk 1:36:28]} 17. Rxc7 {[%clk 1:37:58]} Rxc7
{[%clk 1:36:52]} 18. Rxc7 {[%clk 1:38:25]} Qxc7 {[%clk 1:37:15]} 19. Qc3
{[%clk 1:38:53]} Qxc3 {[%clk 1:37:38]} 20. Nxc3 {[%clk 1:39:20]} Nc6
{[%clk 1:38:02]} 1/2-1/2

[Event "XIII International Chess Festival"]
[Site "Paracin"]
[Date "2020.07.09"]
[Round "8.2"]
[White "Kosic, Dragan"]
[Black "Mendonca, Leon Luke"]
[Result "1/2-1/2"]
[BlackElo "2470"]
[WhiteElo "2429"]
[LiveChessVersion "1.4.8"]

1. d4 {[%clk 1:30:53]} Nf6 {[%clk 1:28:59]} 2. Nf3 {[%clk 1:30:23]} b6
{[%clk 1:28:50]} 3. c4 {[%clk 1:30:22]} e6 {[%clk 1:29:01]} 4. Nc3
{[%clk 1:30:10]} Bb4 {[%clk 1:28:51]} 5. Bg5 {[%clk 1:30:29]} Bb7
{[%clk 1:28:43]} 6. Nd2 {[%clk 1:30:51]} h6 {[%clk 1:17:32]} 7. Bh4
{[%clk 1:31:11]} Be7 {[%clk 1:17:08]} 8. e3 {[%clk 1:28:56]} c5 {[%clk 1:12:49]}
9. Nf3 {[%clk 1:24:15]} cxd4 {[%clk 1:08:48]} 10. Nxd4 {[%clk 1:22:07]} Nc6
{[%clk 1:02:33]} 11. Ndb5 {[%clk 1:21:17]} d5 {[%clk 0:40:42]} 12. Bxf6
{[%clk 0:57:41]} Bxf6 {[%clk 0:40:59]} 13. cxd5 {[%clk 0:58:00]} exd5
{[%clk 0:40:33]} 14. Qxd5 {[%clk 0:58:09]} O-O {[%clk 0:39:53]} 15. O-O-O
{[%clk 0:57:51]} Qe7 {[%clk 0:34:59]} 16. Qd7 {[%clk 0:54:19]} Rfd8
{[%clk 0:31:15]} 17. Qxe7 {[%clk 0:54:42]} Rxd1+ {[%clk 0:31:36]} 18. Kxd1
{[%clk 0:49:10]} Nxe7 {[%clk 0:27:21]} 19. Kc2 {[%clk 0:48:56]} Nd5
{[%clk 0:18:43]} 20. Rg1 {[%clk 0:41:05]} a6 {[%clk 0:13:06]} 21. Nd4
{[%clk 0:38:45]} Rc8 {[%clk 0:04:10]} 22. Be2 {[%clk 0:36:34]} b5
{[%clk 0:01:16]} 23. Kd2 {[%clk 0:34:25]} Nb6 {[%clk 0:01:23]} 24. Bd3
{[%clk 0:32:18]} Nc4+ {[%clk 0:00:48]} 25. Bxc4 {[%clk 0:32:01]} Rxc4
{[%clk 0:01:17]} 26. Nce2 {[%clk 0:31:56]} Kf8 {[%clk 0:01:24]} 27. f3
{[%clk 0:30:46]} g6 {[%clk 0:01:17]} 28. Kd3 {[%clk 0:29:11]} Ke7
{[%clk 0:01:08]} 29. e4 {[%clk 0:28:32]} Kd6 {[%clk 0:00:48]} 30. Rd1
{[%clk 0:27:11]} Bd8 {[%clk 0:00:34]} 31. Rc1 {[%clk 0:22:36]} Rxc1
{[%clk 0:00:57]} 32. Nxc1 {[%clk 0:23:04]} Bb6 {[%clk 0:01:20]} 33. Nce2
{[%clk 0:23:24]} h5 {[%clk 0:01:03]} 34. g3 {[%clk 0:23:13]} Bc5 {[%clk 0:00:34]}
35. a3 {[%clk 0:22:06]} Bb6 {[%clk 0:00:38]} 36. b4 {[%clk 0:22:05]} Ba7
{[%clk 0:00:40]} 37. Nc1 {[%clk 0:21:47]} Bb6 {[%clk 0:00:40]} 38. Ncb3
{[%clk 0:22:01]} Bc8 {[%clk 0:00:36]} 39. h4 {[%clk 0:19:43]} Bh3
{[%clk 0:00:50]} 40. Ke3 {[%clk 0:14:25]} Bf1 {[%clk 0:00:40]} 41. Kf4
{[%clk 0:13:50]} Bc4 {[%clk 0:00:33]} 42. g4 {[%clk 0:14:03]} Bd8
{[%clk 0:00:34]} 43. gxh5 {[%clk 0:14:04]} gxh5 {[%clk 0:00:59]} 44. Nc5
{[%clk 0:12:37]} Bf6 {[%clk 0:00:38]} 45. Nf5+ {[%clk 0:11:28]} Kc6
{[%clk 0:00:50]} 46. e5 {[%clk 0:09:49]} Bd8 {[%clk 0:00:47]} 47. Nxa6
{[%clk 0:10:08]} f6 {[%clk 0:00:52]} 48. Nc5 {[%clk 0:09:59]} fxe5+
{[%clk 0:00:42]} 49. Kxe5 {[%clk 0:10:22]} Bc7+ {[%clk 0:00:42]} 50. Kf6
{[%clk 0:10:35]} Bf4 {[%clk 0:00:39]} 51. a4 {[%clk 0:07:20]} bxa4
{[%clk 0:00:37]} 52. Nxa4 {[%clk 0:07:49]} Kb5 {[%clk 0:00:34]} 53. Nc5
{[%clk 0:06:40]} Kxb4 {[%clk 0:00:56]} 54. Ne6 {[%clk 0:06:57]} Bd2
{[%clk 0:01:05]} 55. Nfg7 {[%clk 0:06:27]} Be2 {[%clk 0:00:45]} 56. f4
{[%clk 0:06:39]} Kc4 {[%clk 0:00:43]} 57. Kg5 {[%clk 0:04:38]} Kd5
{[%clk 0:00:41]} 58. Nf8 {[%clk 0:04:50]} Ke4 {[%clk 0:00:35]} 59. Ng6
{[%clk 0:05:08]} Bg4 {[%clk 0:00:34]} 60. Nxh5 {[%clk 0:05:06]} Bxh5
{[%clk 0:00:34]} 61. Kxh5 {[%clk 0:05:32]} Kf5 {[%clk 0:00:56]} 62. Kh6
{[%clk 0:04:27]} Kg4 {[%clk 0:00:45]} 63. h5 {[%clk 0:04:47]} Be3
{[%clk 0:00:41]} 64. Ne5+ {[%clk 0:03:51]} Kxf4 {[%clk 0:00:55]} 65. Nc4
{[%clk 0:04:14]} Bc1 {[%clk 0:00:54]} 66. Kg6 {[%clk 0:04:28]} Kg4
{[%clk 0:00:58]} 67. Ne5+ {[%clk 0:04:45]} Kh4 {[%clk 0:00:51]} 68. Nd3
{[%clk 0:04:32]} Be3 {[%clk 0:01:02]} 69. Nb4 {[%clk 0:04:12]} Bc1
{[%clk 0:01:12]} 70. Nd5 {[%clk 0:04:38]} Kg4 {[%clk 0:01:12]} 71. Ne7
{[%clk 0:04:38]} Bd2 {[%clk 0:01:16]} 72. Nf5 {[%clk 0:04:45]} Bc1
{[%clk 0:01:25]} 73. h6 {[%clk 0:05:08]} Bxh6 {[%clk 0:01:53]} 74. Nxh6+ 1/2-1/2

[Event "XIII International Chess Festival"]
[Site "Paracin"]
[Date "2020.07.09"]
[Round "8.4"]
[White "Damjanovic, Vuk"]
[Black "Ratkovic, Miloje"]
[Result "1/2-1/2"]
[BlackElo "2456"]
[WhiteElo "2208"]
[LiveChessVersion "1.4.8"]

1. d4 {[%clk 1:30:58]} d5 {[%clk 1:25:49]} 2. Bf4 {[%clk 1:31:17]} Bf5
{[%clk 1:25:52]} 3. e3 {[%clk 1:31:21]} e6 {[%clk 1:25:58]} 4. c4
{[%clk 1:30:31]} Nc6 {[%clk 1:25:19]} 5. Nc3 {[%clk 1:30:18]} Nf6
{[%clk 1:25:39]} 6. c5 {[%clk 1:29:01]} a6 {[%clk 1:23:30]} 7. Nf3
{[%clk 1:29:06]} Ne4 {[%clk 1:20:19]} 8. Nxe4 {[%clk 1:23:18]} Bxe4
{[%clk 1:17:56]} 9. Bd3 {[%clk 1:22:31]} Bxd3 {[%clk 1:08:08]} 10. Qxd3
{[%clk 1:22:51]} Be7 {[%clk 1:08:28]} 11. O-O {[%clk 1:23:04]} Bf6
{[%clk 1:06:49]} 12. Ne5 {[%clk 1:13:14]} Bxe5 {[%clk 1:06:00]} 13. Bxe5
{[%clk 1:13:31]} O-O {[%clk 1:06:02]} 14. Bg3 {[%clk 1:10:59]} a5
{[%clk 1:02:54]} 15. Qb5 {[%clk 1:07:44]} Ra7 {[%clk 0:58:31]} 16. h3
{[%clk 1:04:02]} Qd7 {[%clk 0:57:53]} 17. Rfe1 {[%clk 1:02:11]} Rfa8
{[%clk 0:57:40]} 18. Qa4 {[%clk 0:57:12]} h6 {[%clk 0:55:51]} 19. Rad1
{[%clk 0:54:48]} Rd8 {[%clk 0:56:09]} 20. a3 {[%clk 0:53:30]} Ra6
{[%clk 0:50:30]} 21. Rd3 {[%clk 0:47:55]} Na7 {[%clk 0:49:34]} 22. Qxd7
{[%clk 0:46:33]} Rxd7 {[%clk 0:49:58]} 23. Rb3 {[%clk 0:46:10]} b5
{[%clk 0:37:45]} 24. cxb6 {[%clk 0:46:08]} Rxb6 {[%clk 0:38:08]} 25. Rxb6
{[%clk 0:46:27]} cxb6 {[%clk 0:38:35]} 26. a4 {[%clk 0:44:25]} Kf8
{[%clk 0:33:53]} 27. Rc1 {[%clk 0:43:43]} Rb7 {[%clk 0:33:58]} 28. Rc7
{[%clk 0:34:48]} Rxc7 {[%clk 0:33:33]} 29. Bxc7 {[%clk 0:35:14]} Nc8
{[%clk 0:33:56]} 30. Kf1 {[%clk 0:35:37]} Ke8 {[%clk 0:34:15]} 31. Ke2
{[%clk 0:35:25]} Kd7 {[%clk 0:34:37]} 32. Be5 {[%clk 0:35:50]} f6
{[%clk 0:33:49]} 33. Bg3 {[%clk 0:36:06]} Ne7 {[%clk 0:33:29]} 34. f3
{[%clk 0:36:08]} Nc6 {[%clk 0:20:41]} 35. Be1 {[%clk 0:35:30]} e5
{[%clk 0:13:14]} 36. Kd3 {[%clk 0:35:13]} exd4 {[%clk 0:11:34]} 37. exd4
{[%clk 0:35:38]} f5 {[%clk 0:04:51]} 38. Bd2 {[%clk 0:34:55]} g5 {[%clk 0:03:32]}
39. g4 {[%clk 0:34:40]} f4 {[%clk 0:03:36]} 40. Be1 {[%clk 0:34:46]} Kc7
{[%clk 0:03:50]} 41. b3 {[%clk 0:34:50]} Kb7 {[%clk 0:04:03]} 42. Bc3
{[%clk 0:35:07]} Ka6 {[%clk 0:04:22]} 43. Bd2 {[%clk 0:34:59]} b5
{[%clk 0:04:43]} 44. Bc3 {[%clk 0:35:15]} Kb6 {[%clk 0:05:04]} 45. Kc2
{[%clk 0:35:09]} Ne7 {[%clk 0:01:56]} 46. Kd3 {[%clk 0:35:27]} Nc8
{[%clk 0:00:54]} 47. Bb2 {[%clk 0:32:08]} b4 {[%clk 0:00:51]} 1/2-1/2

[Event "XIII International Chess Festival"]
[Site "Paracin"]
[Date "2020.07.09"]
[Round "8.5"]
[White "Sahin, Ozgun"]
[Black "Stankovic, Milos"]
[Result "0-1"]
[BlackElo "2454"]
[WhiteElo "2220"]
[LiveChessVersion "1.4.8"]

1. e4 {[%clk 1:30:56]} e6 {[%clk 1:27:47]} 2. d4 {[%clk 1:31:15]} d5
{[%clk 1:27:51]} 3. Nc3 {[%clk 1:31:16]} Nf6 {[%clk 1:27:46]} 4. e5
{[%clk 1:31:40]} Nfd7 {[%clk 1:27:46]} 5. f4 {[%clk 1:32:04]} c5 {[%clk 1:27:47]}
6. Nf3 {[%clk 1:32:30]} Nc6 {[%clk 1:27:44]} 7. Be3 {[%clk 1:32:54]} cxd4
{[%clk 1:27:45]} 8. Nxd4 {[%clk 1:33:18]} Bc5 {[%clk 1:27:47]} 9. Qd2
{[%clk 1:31:59]} O-O {[%clk 1:27:48]} 10. O-O-O {[%clk 1:28:30]} a6
{[%clk 1:27:28]} 11. h4 {[%clk 1:17:19]} Nxd4 {[%clk 1:21:34]} 12. Bxd4
{[%clk 1:17:40]} b5 {[%clk 1:21:42]} 13. Bxc5 {[%clk 1:15:09]} Nxc5
{[%clk 1:21:54]} 14. Qd4 {[%clk 1:14:13]} Qe7 {[%clk 1:13:00]} 15. f5
{[%clk 1:10:39]} exf5 {[%clk 1:08:07]} 16. Nxd5 {[%clk 1:10:40]} Qa7
{[%clk 1:07:58]} 17. Be2 {[%clk 1:04:21]} Be6 {[%clk 0:47:18]} 18. Bf3
{[%clk 0:58:10]} a5 {[%clk 0:40:18]} 19. h5 {[%clk 0:52:45]} h6 {[%clk 0:40:06]}
20. Qf4 {[%clk 0:43:42]} Rad8 {[%clk 0:33:11]} 21. Kb1 {[%clk 0:30:57]} b4
{[%clk 0:26:18]} 22. Ne3 {[%clk 0:26:38]} Bxa2+ {[%clk 0:24:22]} 23. Kxa2
{[%clk 0:25:00]} Ne6 {[%clk 0:24:22]} 24. Qxf5 {[%clk 0:25:11]} Qxe3
{[%clk 0:24:44]} 25. Bd5 {[%clk 0:20:13]} Nd4 {[%clk 0:19:58]} 26. Qe4
{[%clk 0:19:12]} Qxe4 {[%clk 0:19:59]} 27. Bxe4 {[%clk 0:19:40]} Rfe8
{[%clk 0:20:12]} 28. Rhe1 {[%clk 0:19:08]} Kf8 {[%clk 0:20:19]} 29. c3
{[%clk 0:17:31]} bxc3 {[%clk 0:18:28]} 30. bxc3 {[%clk 0:17:56]} Ne6
{[%clk 0:16:39]} 31. Bf3 {[%clk 0:12:28]} Rc8 {[%clk 0:11:29]} 32. Kb3
{[%clk 0:08:40]} Nc5+ {[%clk 0:10:27]} 33. Kc2 {[%clk 0:08:55]} Na4
{[%clk 0:10:35]} 34. Rd3 {[%clk 0:08:37]} Rc5 {[%clk 0:10:24]} 35. Kb3
{[%clk 0:04:09]} Nb6 {[%clk 0:10:32]} 36. Rd6 {[%clk 0:02:30]} Rb8
{[%clk 0:09:06]} 37. Kc2 {[%clk 0:02:29]} Na4 {[%clk 0:09:10]} 38. Re3
{[%clk 0:02:33]} Rbc8 {[%clk 0:07:31]} 39. Rdd3 {[%clk 0:02:18]} R8c7
{[%clk 0:06:00]} 40. Kb3 {[%clk 0:01:46]} Nb6 {[%clk 0:06:28]} 41. e6
{[%clk 0:01:27]} fxe6 {[%clk 0:06:45]} 42. Rxe6 {[%clk 0:01:51]} Rb5+
{[%clk 0:06:38]} 43. Kc2 {[%clk 0:02:01]} Kf7 {[%clk 0:06:15]} 44. Red6
{[%clk 0:01:26]} a4 {[%clk 0:05:57]} 45. Bd5+ {[%clk 0:01:24]} Nxd5
{[%clk 0:05:08]} 46. R3xd5 {[%clk 0:01:44]} Rxd5 {[%clk 0:05:09]} 47. Rxd5
{[%clk 0:02:13]} Rc4 {[%clk 0:05:38]} 48. Rd7+ {[%clk 0:01:17]} Kf8
{[%clk 0:04:42]} 49. Ra7 {[%clk 0:00:38]} Rg4 {[%clk 0:04:55]} 50. Kd1
{[%clk 0:00:45]} Rxg2 {[%clk 0:04:28]} 51. Rxa4 {[%clk 0:01:14]} Rg5
{[%clk 0:04:25]} 52. Ra8+ {[%clk 0:01:09]} Kf7 {[%clk 0:04:26]} 53. Ra7+
{[%clk 0:01:35]} Kg8 {[%clk 0:04:38]} 54. Ra8+ {[%clk 0:01:27]} Kh7
{[%clk 0:05:00]} 55. Rc8 {[%clk 0:01:35]} Rxh5 {[%clk 0:05:13]} 56. Ke2
{[%clk 0:02:00]} Rf5 {[%clk 0:05:17]} 57. c4 {[%clk 0:02:06]} h5 {[%clk 0:05:40]}
58. c5 {[%clk 0:01:44]} Kg6 {[%clk 0:05:59]} 59. c6 {[%clk 0:02:07]} Rc5
{[%clk 0:06:14]} 60. Kf2 {[%clk 0:02:32]} Kh6 {[%clk 0:05:29]} 61. Kg3
{[%clk 0:02:42]} Rc4 {[%clk 0:05:25]} 62. Kh3 {[%clk 0:01:28]} Rc3+
{[%clk 0:05:37]} 63. Kg2 {[%clk 0:01:50]} Kg5 {[%clk 0:05:36]} 64. Kf2
{[%clk 0:01:17]} Kg4 {[%clk 0:05:23]} 65. Rg8 {[%clk 0:00:38]} g5
{[%clk 0:05:44]} 66. Rg6 {[%clk 0:00:54]} h4 {[%clk 0:05:58]} 67. Kg2
{[%clk 0:00:49]} Rc2+ {[%clk 0:06:12]} 68. Kg1 {[%clk 0:01:14]} Kf4
{[%clk 0:06:35]} 69. Rd6 {[%clk 0:01:13]} g4 {[%clk 0:06:27]} 70. Rd4+
{[%clk 0:01:10]} Kf3 {[%clk 0:06:46]} 71. Rd3+ {[%clk 0:01:37]} Ke4
{[%clk 0:07:05]} 72. Rd6 {[%clk 0:02:05]} h3 {[%clk 0:07:07]} 0-1

[Event "XIII International Chess Festival"]
[Site "Paracin"]
[Date "2020.07.09"]
[Round "8.7"]
[White "Cabarkapa, Novak"]
[Black "Van Dael, Siem"]
[Result "1/2-1/2"]
[BlackElo "2293"]
[WhiteElo "2459"]
[LiveChessVersion "1.4.8"]

1. e4 {[%clk 1:30:11]} e5 {[%clk 1:26:25]} 2. Nf3 {[%clk 1:28:46]} Nc6
{[%clk 1:26:49]} 3. Bc4 {[%clk 1:29:12]} Nf6 {[%clk 1:27:13]} 4. d3
{[%clk 1:29:38]} Bc5 {[%clk 1:27:37]} 5. c3 {[%clk 1:30:04]} d6 {[%clk 1:27:44]}
6. Bb3 {[%clk 1:30:16]} a6 {[%clk 1:28:01]} 7. h3 {[%clk 1:30:38]} Ba7
{[%clk 1:28:20]} 8. Qe2 {[%clk 1:31:03]} Be6 {[%clk 1:28:24]} 9. Bc2
{[%clk 1:27:07]} h6 {[%clk 1:27:41]} 10. Be3 {[%clk 1:22:43]} Bxe3
{[%clk 1:27:27]} 11. Qxe3 {[%clk 1:22:42]} Ne7 {[%clk 1:26:49]} 12. d4
{[%clk 1:18:54]} Ng6 {[%clk 1:27:06]} 13. g3 {[%clk 1:13:33]} O-O
{[%clk 1:26:29]} 14. Nbd2 {[%clk 1:10:05]} Re8 {[%clk 1:19:11]} 15. dxe5
{[%clk 1:02:12]} Nxe5 {[%clk 1:18:32]} 16. Nd4 {[%clk 0:58:12]} Nc4
{[%clk 1:16:24]} 17. Nxc4 {[%clk 0:58:03]} Bxc4 {[%clk 1:16:45]} 18. f3
{[%clk 0:41:49]} d5 {[%clk 1:03:44]} 19. O-O-O {[%clk 0:40:38]} dxe4
{[%clk 0:59:25]} 20. fxe4 {[%clk 0:32:32]} Qe7 {[%clk 0:57:50]} 1/2-1/2

[Event "XIII International Chess Festival"]
[Site "Paracin"]
[Date "2020.07.09"]
[Round "8.8"]
[White "Ratkovic, Milovan"]
[Black "Krasteva, Beloslava"]
[Result "1/2-1/2"]
[BlackElo "2246"]
[WhiteElo "2435"]
[LiveChessVersion "1.4.8"]

1. d4 {[%clk 1:25:17]} d5 {[%clk 1:30:44]} 2. Bf4 {[%clk 1:25:40]} Nf6
{[%clk 1:30:28]} 3. e3 {[%clk 1:25:56]} c5 {[%clk 1:30:03]} 4. c3
{[%clk 1:25:59]} Nc6 {[%clk 1:29:48]} 5. Nd2 {[%clk 1:26:14]} Bf5
{[%clk 1:27:48]} 6. Qb3 {[%clk 1:26:21]} Qd7 {[%clk 1:27:28]} 7. Ngf3
{[%clk 1:26:08]} c4 {[%clk 1:25:25]} 8. Qd1 {[%clk 1:25:25]} e6 {[%clk 1:23:58]}
9. Be2 {[%clk 1:24:33]} Bd6 {[%clk 1:20:52]} 10. O-O {[%clk 1:16:22]} a6
{[%clk 1:19:33]} 11. Bxd6 {[%clk 1:10:11]} Qxd6 {[%clk 1:19:56]} 12. a4
{[%clk 1:09:34]} O-O {[%clk 1:18:45]} 13. a5 {[%clk 1:09:35]} Qc7
{[%clk 1:14:11]} 14. Qa4 Rfb8 {[%clk 1:10:29]} 15. Nh4 {[%clk 1:00:51]} b5
{[%clk 1:04:56]} 16. axb6 {[%clk 1:00:58]} Rxb6 {[%clk 1:05:19]} 17. Nxf5
{[%clk 0:57:41]} exf5 {[%clk 1:05:41]} 18. Qc2 {[%clk 0:43:51]} Ne4
{[%clk 0:59:27]} 19. Nxe4 {[%clk 0:42:42]} fxe4 {[%clk 0:59:48]} 20. f3
{[%clk 0:42:21]} Rab8 {[%clk 0:56:00]} 21. Rab1 {[%clk 0:37:05]} f5
{[%clk 0:54:23]} 22. fxe4 {[%clk 0:37:10]} fxe4 {[%clk 0:54:47]} 23. Bg4
{[%clk 0:36:12]} Ne7 {[%clk 0:52:31]} 24. Rf2 {[%clk 0:34:21]} Qd6
{[%clk 0:44:47]} 25. Qa4 {[%clk 0:29:06]} h6 {[%clk 0:33:14]} 26. g3
{[%clk 0:22:45]} Kh7 {[%clk 0:31:46]} 27. Bh3 {[%clk 0:21:06]} h5
{[%clk 0:29:42]} 28. Qd1 {[%clk 0:20:07]} Qh6 {[%clk 0:29:23]} 29. Qe2
{[%clk 0:19:59]} Qg5 {[%clk 0:28:07]} 30. Rf4 {[%clk 0:19:33]} Rh6
{[%clk 0:26:11]} 31. Kh1 {[%clk 0:18:31]} a5 {[%clk 0:22:52]} 32. Bd7
{[%clk 0:11:52]} Rd6 {[%clk 0:20:12]} 33. Ba4 {[%clk 0:10:23]} Ng6
{[%clk 0:17:20]} 34. Rf2 {[%clk 0:10:14]} Ne7 {[%clk 0:13:01]} 35. Rg1
{[%clk 0:06:39]} Rdb6 {[%clk 0:11:41]} 36. Rb1 {[%clk 0:04:55]} Rh6
{[%clk 0:10:36]} 37. Rf4 {[%clk 0:04:27]} Ng6 {[%clk 0:10:28]} 38. Rf7
{[%clk 0:04:23]} h4 {[%clk 0:07:46]} 39. g4 {[%clk 0:04:21]} Ne7 {[%clk 0:07:03]}
40. h3 {[%clk 0:04:04]} Kg8 {[%clk 0:06:20]} 41. Rf4 {[%clk 0:03:50]} Rf6
{[%clk 0:05:08]} 42. Rxf6 {[%clk 0:04:10]} Qxf6 {[%clk 0:05:32]} 43. Kg2
{[%clk 0:02:53]} Rf8 {[%clk 0:03:16]} 44. Rf1 {[%clk 0:02:32]} Qxf1+
{[%clk 0:02:28]} 45. Qxf1 {[%clk 0:02:49]} Rxf1 {[%clk 0:00:49]} 46. Kxf1
{[%clk 0:03:14]} Nc8 {[%clk 0:01:09]} 47. Bc6 {[%clk 0:02:05]} Nb6
{[%clk 0:01:30]} 48. Ke2 {[%clk 0:02:26]} Kf7 {[%clk 0:01:48]} 49. Kd2
{[%clk 0:02:26]} Ke6 {[%clk 0:01:57]} 50. Kc2 {[%clk 0:02:34]} Kd6
{[%clk 0:02:08]} 51. Bb5 {[%clk 0:02:11]} Na8 {[%clk 0:01:30]} 52. b3
{[%clk 0:01:45]} cxb3+ {[%clk 0:00:40]} 53. Kxb3 {[%clk 0:02:10]} Nc7
{[%clk 0:00:48]} 54. Ka4 {[%clk 0:01:46]} Ne6 {[%clk 0:01:00]} 55. Kxa5
{[%clk 0:01:35]} Ng5 {[%clk 0:01:23]} 56. Bf1 {[%clk 0:01:58]} Nf3
{[%clk 0:01:23]} 57. Kb4 {[%clk 0:01:46]} Ne1 {[%clk 0:01:03]} 58. Kb3
{[%clk 0:01:53]} Nf3 {[%clk 0:00:44]} 59. Kc2 {[%clk 0:01:57]} Ne1+
{[%clk 0:00:55]} 60. Kd1 {[%clk 0:01:49]} Nf3 {[%clk 0:01:10]} 61. c4
{[%clk 0:01:01]} dxc4 {[%clk 0:01:31]} 62. Bxc4 {[%clk 0:01:22]} Ng5
{[%clk 0:01:49]} 63. Bf1 {[%clk 0:01:45]} Kd5 {[%clk 0:02:05]} 64. Kd2
{[%clk 0:01:49]} Nf3+ {[%clk 0:02:08]} 65. Kc3 {[%clk 0:02:10]} Ng5
{[%clk 0:02:34]} 66. Bg2 {[%clk 0:01:51]} Ne6 {[%clk 0:02:33]} 67. Bf1
{[%clk 0:01:58]} Ng5 {[%clk 0:02:58]} 68. Kb4 {[%clk 0:01:01]} Nf3
{[%clk 0:02:51]} 69. Ba6 {[%clk 0:00:50]} Ng5 {[%clk 0:01:49]} 70. Bb7+
{[%clk 0:00:41]} Kd6 {[%clk 0:02:06]} 71. Kc3 {[%clk 0:01:03]} Kc7
{[%clk 0:01:45]} 72. Ba8 {[%clk 0:01:00]} Kd7 {[%clk 0:00:54]} 73. Kd2
{[%clk 0:00:45]} Kd6 {[%clk 0:00:48]} 74. Ke2 {[%clk 0:00:51]} Kd7
{[%clk 0:00:49]} 75. Bb7 {[%clk 0:00:49]} 1/2-1/2

[Event "XIII International Chess Festival"]
[Site "Paracin"]
[Date "2020.07.09"]
[Round "8.9"]
[White "Aleksic, Neven"]
[Black "Radovanovic, Nikola"]
[Result "1/2-1/2"]
[BlackElo "2389"]
[WhiteElo "2169"]
[LiveChessVersion "1.4.8"]

1. d4 {[%clk 1:30:30]} d6 {[%clk 1:25:24]} 2. c4 {[%clk 1:30:48]} e5
{[%clk 1:25:28]} 3. Nc3 {[%clk 1:31:04]} exd4 {[%clk 1:25:52]} 4. Qxd4
{[%clk 1:31:26]} Nc6 {[%clk 1:26:18]} 5. Qd2 {[%clk 1:31:43]} Nf6
{[%clk 1:26:37]} 6. e3 {[%clk 1:31:05]} a5 {[%clk 1:24:29]} 7. Nf3
{[%clk 1:27:05]} a4 {[%clk 1:14:43]} 8. Be2 {[%clk 1:26:24]} g6 {[%clk 1:14:11]}
9. O-O {[%clk 1:24:43]} Bg7 {[%clk 1:14:10]} 10. Nd4 {[%clk 1:23:36]} Ne5
{[%clk 1:06:00]} 11. Qc2 {[%clk 1:06:10]} a3 {[%clk 0:56:01]} 12. bxa3
{[%clk 1:04:19]} c6 13. Rd1 Qe7 14. a4 O-O 15. Ba3 Rd8 16. Rd2 Bg4 17. Bf1 c5 18.
Ndb5 Nc6 19. Re1 Rd7 20. h3 Bf5 21. Qd1 Ne8 22. Nd5 Qd8 23. Be2 h5 24. Bb2 Bxb2
25. Rxb2 Ra6 26. Rd2 Qg5 27. f4 Qg3 28. Kf1 Bxh3 29. gxh3 Qxh3+ 30. Kg1 Qg3+ 31.
Kf1 Qh3+ 32. Kg1 1/2-1/2

[Event "XIII International Chess Festival"]
[Site "Paracin"]
[Date "2020.07.09"]
[Round "8.10"]
[White "Radeva, Viktoria"]
[Black "Stanojevic, Ilija"]
[Result "1/2-1/2"]
[BlackElo "2220"]
[WhiteElo "2327"]
[LiveChessVersion "1.4.8"]

1. e4 {[%clk 1:30:58]} e6 {[%clk 1:30:54]} 2. d4 {[%clk 1:31:18]} d5
{[%clk 1:31:12]} 3. Nd2 {[%clk 1:31:43]} Nc6 {[%clk 1:31:26]} 4. Ngf3
{[%clk 1:32:07]} Nf6 {[%clk 1:31:42]} 5. e5 {[%clk 1:32:31]} Nd7 {[%clk 1:32:07]}
6. Nb3 {[%clk 1:32:42]} f6 {[%clk 1:31:13]} 7. Bb5 {[%clk 1:28:42]} fxe5
{[%clk 1:28:58]} 8. dxe5 {[%clk 1:29:06]} a6 {[%clk 1:28:59]} 9. Bxc6
{[%clk 0:58:18]} bxc6 {[%clk 1:28:06]} 10. Nbd4 {[%clk 0:57:51]} Nb8
{[%clk 1:28:15]} 11. O-O {[%clk 0:57:17]} c5 {[%clk 1:26:30]} 12. Ne2
{[%clk 0:57:32]} Be7 {[%clk 1:26:28]} 13. Bf4 {[%clk 0:54:59]} O-O
{[%clk 1:25:43]} 14. Qd2 {[%clk 0:49:38]} Nc6 {[%clk 1:22:25]} 15. c3
{[%clk 0:45:07]} Rb8 {[%clk 1:20:29]} 16. Bg3 {[%clk 0:41:00]} Rf5
{[%clk 1:10:25]} 17. Rfe1 {[%clk 0:38:13]} Qf8 {[%clk 1:09:20]} 18. h4
{[%clk 0:30:52]} Bb7 {[%clk 1:05:31]} 19. Nf4 {[%clk 0:23:48]} Qf7
{[%clk 1:04:50]} 20. Nh3 {[%clk 0:22:14]} h6 {[%clk 1:00:51]} 21. Nh2
{[%clk 0:21:18]} Rf8 {[%clk 0:55:04]} 22. f3 {[%clk 0:17:56]} Qg6
{[%clk 0:44:31]} 23. Qf2 {[%clk 0:16:47]} d4 {[%clk 0:41:20]} 24. Re4
{[%clk 0:14:57]} h5 {[%clk 0:39:29]} 25. Qe1 {[%clk 0:10:14]} a5 {[%clk 0:31:04]}
26. Rd1 {[%clk 0:06:59]} a4 1/2-1/2